Zavedenie a uplatnenie systému manažérstva kvality na strednej odbornej škole : Dizertačná práca

Na minha lista:
Detalhes bibliográficos
Autor principal: Hargaš, Ján (Author)
Outros Autores: Albert, Sándor (Thesis advisor)
Formato: Manuscrito Livro
Idioma:eslovaco
Publicado em: Trnava : STU v Bratislave MTF UIPH, 2009
Assuntos:
Tags: Adicionar Tag
Sem tags, seja o primeiro a adicionar uma tag!

MARC

LEADER 00000ntm a22000003a 4500
001 stu197711
005 20160719160036.1
008 100112s2009----xo------------------slo-d
040 |a STU  |b slo 
041 0 |a slo 
044 |a xo 
100 1 |a Hargaš, Ján  |4 aut 
245 1 |a Zavedenie a uplatnenie systému manažérstva kvality na strednej odbornej škole :  |b Dizertačná práca 
260 |a Trnava :  |b STU v Bratislave MTF UIPH,  |c 2009 
300 |a 119 s  |c príl (autoreferát) 
500 |a Špecializácia: Teória vyučovania technických odborných predmetov 
500 |a Obhajoba: 18.6.2009 
500 |a Vedný odbor: 75-02-9 Teória vyučovania predmetov všeobecnovzdelávacej a odbornej povahy 
650 7 |a systém manažérstva kvality  |2 stusub 
700 1 |a Albert, Sándor  |4 ths 
996 |b 284M071828  |c M*DzP-123  |l MMSKP  |s P  |a 0  |w stu197711_0001